000
00357nam a22001457a 4500
008
230405b |||||||| |||| 00| 0 eng d
020
_a
978-1-84739-235-0
082
_a
813.54
100
_a
Javier Sierra
245
_a
The lady in blue
260
_b
Pocket Books,
_c
2007
300
_a
342 p.
_c
18cm
942
_2
ddc
999
_c
9485
_d
9486